<?xml version="1.0" encoding="UTF-8"?>
<record
    xmlns:xsi="http://www.w3.org/2001/XMLSchema-instance"
    xsi:schemaLocation="http://www.loc.gov/MARC21/slim http://www.loc.gov/standards/marcxml/schema/MARC21slim.xsd"
    xmlns="http://www.loc.gov/MARC21/slim">

  <leader>00946nam a22001937a 4500</leader>
  <controlfield tag="003">OSt</controlfield>
  <controlfield tag="005">20131128112913.0</controlfield>
  <controlfield tag="008">130521s1996    sp ||||| |||| 00| 0 cat d</controlfield>
  <datafield tag="040" ind1=" " ind2=" ">
    <subfield code="c">CDMR</subfield>
  </datafield>
  <datafield tag="110" ind1="1" ind2=" ">
    <subfield code="9">304</subfield>
    <subfield code="a">Centre d'Investigaci&#xF3; de la Comunicaci&#xF3;</subfield>
  </datafield>
  <datafield tag="245" ind1="1" ind2="0">
    <subfield code="a">Bibliografia sobre empresa i professi&#xF3; period&#xED;stica</subfield>
    <subfield code="b">: aportacions de Catalunya, Balears i la Comunitat Valenciana, 1906-1996</subfield>
    <subfield code="c">[coordinador de l'edici&#xF3;, Daniel E. Jones]</subfield>
  </datafield>
  <datafield tag="260" ind1=" " ind2=" ">
    <subfield code="a">Barcelona</subfield>
    <subfield code="b">Generalitat de Catalunya. Centre d'Investigaci&#xF3; de la Comunicaci&#xF3;</subfield>
    <subfield code="c">1996</subfield>
  </datafield>
  <datafield tag="300" ind1=" " ind2=" ">
    <subfield code="a">111 p.</subfield>
  </datafield>
  <datafield tag="500" ind1=" " ind2=" ">
    <subfield code="a">Contribuci&#xF3; del Centre d'Investigaci&#xF3; de la Comunicaci&#xF3; al III Congr&#xE9;s de Periodistes Catalans (Barcelona: Col&#xB7;legi de Periodistes de Catalunya, 29 de novembre-1 de desembre de 1996)</subfield>
  </datafield>
  <datafield tag="650" ind1="0" ind2="4">
    <subfield code="9">311</subfield>
    <subfield code="a">Empreses period&#xED;stiques</subfield>
  </datafield>
  <datafield tag="700" ind1="1" ind2=" ">
    <subfield code="9">943</subfield>
    <subfield code="a">Jones, Daniel Evan</subfield>
    <subfield code="e">coord.</subfield>
  </datafield>
  <datafield tag="711" ind1="2" ind2=" ">
    <subfield code="9">148</subfield>
    <subfield code="a">Congr&#xE9;s de Periodistes Catalans</subfield>
    <subfield code="c">Barcelona</subfield>
    <subfield code="d">1996</subfield>
    <subfield code="n">3r</subfield>
  </datafield>
  <datafield tag="942" ind1=" " ind2=" ">
    <subfield code="2">udc</subfield>
    <subfield code="c">MON</subfield>
  </datafield>
  <datafield tag="999" ind1=" " ind2=" ">
    <subfield code="c">6284</subfield>
    <subfield code="d">6284</subfield>
  </datafield>
  <datafield tag="952" ind1=" " ind2=" ">
    <subfield code="0">0</subfield>
    <subfield code="1">0</subfield>
    <subfield code="4">0</subfield>
    <subfield code="7">0</subfield>
    <subfield code="a">CDMR</subfield>
    <subfield code="b">CDMR</subfield>
    <subfield code="d">2013-01-16</subfield>
    <subfield code="l">0</subfield>
    <subfield code="o">Bm</subfield>
    <subfield code="p">CDMR13056471</subfield>
    <subfield code="r">2013-05-21</subfield>
    <subfield code="w">2013-05-21</subfield>
    <subfield code="y">MON</subfield>
  </datafield>
</record>
